| 000 | 00699nam a2200205 a 4500 | ||
|---|---|---|---|
| 001 | BRCA_2539 | ||
| 005 | 20190320203845.0 | ||
| 008 | 261108s1925----paua---###---#000-0#eng-u | ||
| 050 | 4 |
_aNK4370 _b.E24 1925 |
|
| 100 | 1 |
_aEberlein, Harold Donaldson _97282 |
|
| 245 | 1 | 0 |
_aThe practical book of chinaware _cHarold Donaldson Eberlein and Roger Wearne Ramsdell. |
| 260 |
_aPhiladelphia, Pensilvania _bJ. B. Lippincott _c1925 |
||
| 300 |
_axix, 325 p. _bil. (algunas a color), 203 láminas _c22 cm. |
||
| 500 | _aIncluye índice temático e índice de ilustraciones. | ||
| 500 | _aA24 | ||
| 650 | 1 | 4 |
_aPorcelana _91509 |
| 700 | 1 |
_aRamsdell, Roger Wearne _ecoaut. _97283 |
|
| 902 | _aGFM | ||
| 942 |
_2lcc _cB |
||
| 999 |
_c2280 _d2280 |
||